ARRUPE JESUIT UNIVERSITY

CORONAVIRUS -STOP THE SPREAD - CLEAN,DISINFECT,COVER

Considerations on the causes of the greatness of the Romans and their decline / (Record no. 120637)

MARC details
000 -LEADER
fixed length control field 02628cam a2200385 a 4500
001 - CONTROL NUMBER
control field 5991977
003 - CONTROL NUMBER IDENTIFIER
control field ARRUPE
005 - DATE AND TIME OF LATEST TRANSACTION
control field 20140606113033.0
008 - FIXED-LENGTH DATA ELEMENTS--GENERAL INFORMATION
fixed length control field 990413s1999 inu b 001 0deng
010 ## - LIBRARY OF CONGRESS CONTROL NUMBER
LC control number 99028814
015 ## - NATIONAL BIBLIOGRAPHY NUMBER
National bibliography number GBA2-71044
020 ## - INTERNATIONAL STANDARD BOOK NUMBER
International Standard Book Number 0872204960 (pbk.)
020 ## - INTERNATIONAL STANDARD BOOK NUMBER
International Standard Book Number 0872204979 (cloth)
035 ## - SYSTEM CONTROL NUMBER
System control number (OCoLC)ocm41185135
035 ## - SYSTEM CONTROL NUMBER
System control number (NNC)5991977
040 ## - CATALOGING SOURCE
Original cataloging agency DLC
Transcribing agency DLC
Modifying agency UKM
-- BAKER
-- OrLoB-B
041 1# - LANGUAGE CODE
Language code of text/sound track or separate title eng
Language code of original and/or intermediate translations of text fre
042 ## - AUTHENTICATION CODE
Authentication code pcc
043 ## - GEOGRAPHIC AREA CODE
Geographic area code e------
-- ff-----
-- aw-----
050 00 - LIBRARY OF CONGRESS CALL NUMBER
Classification number DG210
Item number .M778 1999
082 00 - DEWEY DECIMAL CLASSIFICATION NUMBER
Classification number 937
Edition number 21
300 ## - PHYSICAL DESCRIPTION
Dimensions 22 cm.
100 1# - MAIN ENTRY--PERSONAL NAME
Personal name Montesquieu, Charles de Secondat,
Titles and other words associated with a name baron de,
Dates associated with a name 1689-1755.
9 (RLIN) 10653
240 10 - UNIFORM TITLE
Uniform title <a href="Considérations sur les causes de la grandeur des Romains et de leur décadence.">Considérations sur les causes de la grandeur des Romains et de leur décadence.</a>
Language of a work English
245 10 - TITLE STATEMENT
Title Considerations on the causes of the greatness of the Romans and their decline /
Statement of responsibility, etc Montesquieu ; translated, with introduction and notes, by David Lowenthal.
260 ## - PUBLICATION, DISTRIBUTION, ETC. (IMPRINT)
Place of publication, distribution, etc Indianapolis ;
-- Cambridge :
Name of publisher, distributor, etc Hackett Pub.,
Date of publication, distribution, etc 1999.
300 ## - PHYSICAL DESCRIPTION
Extent 243 p. ;
504 ## - BIBLIOGRAPHY, ETC. NOTE
Bibliography, etc Includes bibliographical references and index.
505 00 - FORMATTED CONTENTS NOTE
Miscellaneous information I.
Title Beginnings of Rome; its Wars --
Miscellaneous information II.
Title The Art of War Among the Romans --
Miscellaneous information III.
Title How the Romans were Able to Expand --
Miscellaneous information IV.
Title The Gauls; Pyrrhus; Comparison of Carthage and Rome; Hannibal's War --
Miscellaneous information V.
Title The Condition of Greece, Macedonia, Syria, and Egypt After the Reduction of the Carthaginians --
Miscellaneous information VI.
Title The Conduct the Romans Pursued to Subjugate all Peoples --
Miscellaneous information VII.
Title How Mithridates was Able to Resist them --
Miscellaneous information VIII.
Title The Dissensions that Always Existed in the City --
Miscellaneous information IX.
Title Two Causes of Rome's Ruin --
Miscellaneous information X.
Title The Corruption of the Romans --
Miscellaneous information XI.
Title Sulla; Pompey and Caesar --
Miscellaneous information XII.
Title The Condition of Rome After Caesar's Death --
Miscellaneous information XIII.
Title Augustus --
Miscellaneous information XIV.
Title Tiberius --
Miscellaneous information XV.
Title The Emperors from Caius Caligula to Antoninus --
Miscellaneous information XVI.
Title The Condition of the Empire, from Antoninus to Probus --
Miscellaneous information XVII.
Title Change in the State --
Miscellaneous information XVIII.
Title New Maxims Adopted by the Romans --
Miscellaneous information XIX.
Title Attila's Greatness; Cause of the Settlement of the Barbarians; Reasons why the Western Empire was the First to Fall --
Miscellaneous information XX.
Title Justinian's Conquest; his Government --
Miscellaneous information XXI.
Title Disorders of the Eastern Empire --
Miscellaneous information XXII.
Title Weakness of the Eastern Empire --
Miscellaneous information XXIII.
Title Reason for the Duration of the Eastern Empire; its Destruction.
600 10 - SUBJECT ADDED ENTRY--PERSONAL NAME
Personal name Montesquieu, Charles de Secondat,
Titles and other words associated with a name baron de,
Dates associated with a name 1689-1755.
Title of a work Considérations sur les causes de la grandeur des Romains.
9 (RLIN) 10654
651 #0 - SUBJECT ADDED ENTRY--GEOGRAPHIC NAME
Geographic name Rome
General subdivision History.
9 (RLIN) 10655
700 1# - ADDED ENTRY--PERSONAL NAME
Personal name Lowenthal, David.
9 (RLIN) 10656
900 ## - EQUIVALENCE OR CROSS-REFERENCE-PERSONAL NAME [LOCAL, CANADA]
Numeration TOC
942 ## - ADDED ENTRY ELEMENTS (KOHA)
Source of classification or shelving scheme Library of Congress Classification
Koha item type Monograph ( Printed materials)
948 2# - LOCAL PROCESSING INFORMATION (OCLC); SERIES PART DESIGNATOR (RLIN)
Series part designator, SPT (RLIN) 20061127
b (OCLC) a
c (OCLC) rad1
d (OCLC) MPS
Holdings
Withdrawn status Lost status Source of classification or shelving scheme Damaged status Not for loan Collection code Home library Current library Shelving location Date acquired Total Checkouts Full call number Barcode Date last seen Price effective from Koha item type
    Library of Congress Classification     Main Collection ARRUPE LIBRARY ARRUPE LIBRARY Main Collection 06/06/2014   DG210 .M778 1999 46500000661 04/12/2017 06/06/2014 Monograph ( Printed materials)

 

Arrupe Library. PO Box MP320 Mt Pleasant, Harare, Zimbabwe
263 242 745411|librarian@aju.ac.zw